[Tuvia Friling: A Jewish Kapo in Auschwitz]
| Titel: | [Tuvia Friling: A Jewish Kapo in Auschwitz] / Mark A. Mengerink |
|---|---|
| Verfasser: | |
| In: |
Holocaust and genocide studies, Band 30, Heft 1 (2016), Seite 134-136 alle Artikel anzeigen |
| Veröffentlicht: | 2016 |
| Format: | Aufsatz |
| Sprache: | Englisch |
X
alg: 43190282
001A $03025:23-05-18
001B $01999:27-07-21 $t17:20:38.000
001C $03025:23-05-18 $t16:45:38.000
001D $03025:23-05-18
001U $0utf8
001X $00
002@ $0Oou
002C $aText $btxt $2rdacontent
002D $aComputermedien $bc $2rdamedia
002E $aOnline-Ressource $bcr $2rdacarrier
003@ $0431902828
004P $010.1093/hgs/dcw008
007A $0431902828 $aHEB
010@ $aeng
010E $erda
011@ $a2016
013D $#Newspapers Sections, columns, etc. Reviews $#Book reviewing $#Journaux Cahiers, chroniques, etc. Comptes rendus $#Livres Recension $#Rezension $#Buchbesprechung $#Buchrezension $#Buchkritik $74049712-4 $8Rezension [Ts1] $9085138568
021A $a[Tuvia Friling: A Jewish Kapo in Auschwitz] $hMark A. Mengerink
028A $BVerfasser $4aut $71160000956 $8Mengerink, Mark A. [Tp3] $9431902836
031A $d30 $e1 $h134-136 $j2016
039B $aEnthalten in $8--Obvc--. Holocaust and genocide studies. - Oxford {[u.a.] : Oxford Univ. Press, 1986-. - Online-Ressource. - ISSN 1476-7937 $x201600000300001866 $910488908X
039T $8--Aau--Friling, Ṭuvyah$Z1953- [Tp3]. A @Jewish Kapo in Auschwitz. - Waltham, Mass. : Brandeis University Press, 2014. - XIII, 325 S.. - ISBN 1-61168-587-7 $9339878339
045F $a900.9438 $eDDC23BSB
045F/01 $a900
045F/03 $g438
045T $aROM $qDE-5 $2FID
045T $aROM $qDE-18 $2FID
045T $aJUDAICA $qDE-30 $2FID
045T $aINTRECHT $qDE-1a $2FID
045T $aKRIM $qDE-21 $2FID
045T $a2,1
lok: 43190282 78
exp: 43190282 78 1 #EPN
201B/01 $023-05-18 $t16:45:08.000
201C/01 $023-05-18
201U/01 $0utf8
203@/01 $01022422103
204P/01 $010.1093/hgs/dcw008
208@/01 $a23-05-18 $be
209A/01 $a/ $f000 $x00
209A/01 $ab*p $x01
220C/01 $apgar
244Z/01 $#Generalgouvernement Polen $#Polska $#Rzeczpospolita Polska $#Polska Rzeczpospolita Ludowa $#Poland $#Pologne $#République Polonaise $#Generalne Gubernatorstwo w Polsce $#Polish People's Republic $#Polska Rzeczpospolita Polen $#PRL $#RP $#Polen Generalgouvernement $#Polska Generalgouvernement $#Besetzte Polnische Gebiete $#Besetztes Gebiet in Polen $#Okupowane Polskie Obszary $#Obszary Okupowane w Polsce $#Volksrepublik Polen $#Polska Rosyjska $#Republic Polen $#Respublika Pol'ša $#Pol'skaja Narodnaja Respublika $#République de Pologne $#Polen Links der Weichsel $#Polska po Lewej Stronie Wisły $#Lenkija $#Polija $#Gubernija Carstva Pol'skago $#Republik Polen $74046496-9 $8--Tg1--Polen $x01 $9085129801
247C/01 $82080>Marburg/Lahn, Herder-Institut, Forschungsbibliothek, Bibliographieportal $9336309341
| LEADER | 00000caa a2200000 c 4500 | ||
|---|---|---|---|
| 001 | 431902828 | ||
| 003 | DE-603 | ||
| 005 | 20210727172038.0 | ||
| 007 | cr|||||||||||| | ||
| 008 | 180523s2016 xx |||| o| u00||u|eng c | ||
| 024 | 7 | |a 10.1093/hgs/dcw008 |2 doi | |
| 035 | |a (DE-599)HEB431902828 | ||
| 040 | |a DE-603 |b ger |c DE-603 |d DE-603 |e rda | ||
| 041 | |a eng | ||
| 082 | 0 | 4 | |8 1\u |a 900.9438 |q DE-101 |2 23/BSB |
| 084 | |a ROM |q DE-5 |2 fid | ||
| 084 | |a ROM |q DE-18 |2 fid | ||
| 084 | |a JUDAICA |q DE-30 |2 fid | ||
| 084 | |a INTRECHT |q DE-1a |2 fid | ||
| 084 | |a KRIM |q DE-21 |2 fid | ||
| 084 | |a 2,1 |2 ssgn | ||
| 085 | |8 1\u |b 900 | ||
| 085 | |8 1\u |z 2 |s 438 | ||
| 100 | 1 | |a Mengerink, Mark A. |e Verfasser |4 aut |0 (DE-603)431902836 |0 (DE-588)1160000956 |2 gnd | |
| 245 | 0 | 0 | |a [Tuvia Friling: A Jewish Kapo in Auschwitz] |c Mark A. Mengerink |
| 264 | 0 | |c 2016 | |
| 336 | |a Text |b txt |2 rdacontent | ||
| 337 | |a Computermedien |b c |2 rdamedia | ||
| 338 | |a Online-Ressource |b cr |2 rdacarrier | ||
| 655 | 7 | |a Rezension |2 gnd-content |0 (DE-588)4049712-4 |0 (DE-603)085138568 | |
| 773 | 0 | 8 | |i Enthalten in |t Holocaust and genocide studies |d Oxford [u.a.] : Oxford Univ. Press, 1986- |h Online-Ressource |x 1476-7937 |g Band 30, Heft 1 (2016), Seite 134-136 |w (DE-603)10488908X |w (DE-600)2079719-9 |
| 787 | 0 | 8 | |i Rezension von |a Friling, Ṭuvyah, 1953- |t A Jewish Kapo in Auschwitz |d Waltham, Mass. : Brandeis University Press, 2014 |h XIII, 325 S. |z 1611685877 |w (DE-603)339878339 |
| 924 | 1 | |9 2080 |a (DE-603)1022422103 |b DE-2080 |c HES |d d |g / | |


